|
|
|
|
| LEADER |
00000nam0a2200000 4500 |
| 001 |
33831 |
| 005 |
20231101210206.0 |
| 010 |
|
|
|a 5211010647
|
| 035 |
|
|
|a (RuTPU)RU\TPU\book\34202
|
| 035 |
|
|
|a BOOK00000853
|
| 090 |
|
|
|a 33831
|
| 100 |
|
|
|a 20011210d1991 m y0rusy50 ca
|
| 101 |
0 |
|
|a rus
|
| 102 |
|
|
|a RU
|
| 105 |
|
|
|a a j 000zy
|
| 200 |
1 |
|
|a Неметаллические полезные ископаемые
|e учебное пособие
|f Н. И. Еремин
|
| 210 |
|
|
|a Москва
|c Изд-во МГУ
|d 1991
|
| 215 |
|
|
|a 284 с.
|
| 451 |
|
1 |
|0 (RuTPU)RU\TPU\book\136606
|y 978-5-211-05370-0
|t Неметаллические полезные ископаемые
|o учебное пособие
|f Н. И. Еремин
|e 2-е изд., испр. и доп.
|c М.
|n Изд-во МГУ
|n Академкнига
|d 2007
|p 459 с.
|a Еремин, Николай Иосифович
|
| 451 |
|
|
|y 978-5-94628-285-7
|
| 606 |
1 |
|
|a Неметаллические полезные ископаемые
|x Месторождения
|2 stltpush
|3 (RuTPU)RU\TPU\subj\45358
|9 64606
|
| 610 |
1 |
|
|a полезные ископаемые
|
| 610 |
1 |
|
|a геология
|
| 610 |
1 |
|
|a геохимия
|
| 610 |
1 |
|
|a химические элементы
|
| 610 |
1 |
|
|a соединения
|
| 610 |
1 |
|
|a учебные пособия
|
| 675 |
|
|
|a 553.6(075.8)
|v 4
|
| 700 |
|
1 |
|a Еремин
|b Н. И.
|g Николай Иосифовичч
|
| 801 |
|
0 |
|a RU
|b 63413507
|c 20011210
|g PSBO
|
| 801 |
|
2 |
|a RU
|b 63413507
|c 20230628
|g PSBO
|
| 900 |
|
|
|a Полезные ископаемые
|
| 900 |
|
|
|a Геология полезных ископаемых
|
| 900 |
|
|
|a Промышленные типы месторождений полезных ископаемых
|
| 942 |
|
|
|c BK
|